000 006780000a22002050004500
090 _aAR
_b00732
245 1 0 _aRecruitment near conspecific adults and the maintenance of tree and shrub diversity in a neotropical forest
650 1 4 _aPatrones espaciales
_916964
650 1 4 _aRiqueza de especies
_93326
650 1 4 _aDiversidad vegetal
_96435
650 1 4 _aArboles
_992511
650 1 4 _aArbustos
_993907
651 4 _dIsla Barro Colorado
_pPanamá
_992749
041 0 _aInglés
700 1 _aHubbell, Stephen P.
_917202
700 1 _aFoster, Robin B.
_992804
100 1 _aCondit, Richard
_99463
942 _cARTICULO
773 1 _tAmerican Naturalist
_3122
_h2
_q261-286
_d1992
_g140
999 _c9823
_d9823